| 000 | 00521cam a2200169 4500 | ||
|---|---|---|---|
| 020 | _a0070101450 | ||
| 082 | 0 | 0 |
_a658.5421 _bCAR _cL-27, P-92 |
| 100 | 1 |
_aCarroll, Phil, _936449 |
|
| 245 | 1 | 0 |
_aTimestudy fundamentals for foremen. _cWith a foreword by Glenn Gardiner. |
| 250 | _a3d ed. | ||
| 260 |
_aNew York, _bMcGraw-Hill _c[1972] |
||
| 300 |
_axv, 229 p. _billus. _c21 cm. |
||
| 526 |
_a0 _b0 _c0 _d658_542100000000000_CAR |
||
| 650 | 0 |
_aSupervisors, Industrial. _944776 |
|
| 650 | 0 |
_aTime study. _935801 |
|
| 942 |
_2ddc _cBK |
||
| 999 |
_c548468 _d548468 |
||